Orient blackswan worldmaster : (Record no. 42216)

MARC details
000 -LEADER
fixed length control field 00716nam a22001937a 4500
005 - DATE AND TIME OF LATEST TRANSACTION
control field 20100816155630.0
010 ## - LCCN (DPL NO)
LC control number ENG-100624
020 ## - INTERNATIONAL STANDARD BOOK NUMBER
International Standard Book Number 9788125036722
Terms of availability 295.00
035 ## - SYSTEM CONTROL NUMBER
System control number EN-84157
037 ## - SOURCE OF ACQUISITION
Source of stock number/acquisition DBAD/PUB
082 ## - DEWEY DECIMAL CLASSIFICATION NUMBER
Classification number 483.2
245 ## - TITLE STATEMENT
Title Orient blackswan worldmaster :
Remainder of title worldmaster learner's dictionary of modern english /
260 ## - PUBLICATION, DISTRIBUTION, ETC. (IMPRINT)
Place of publication, distribution, etc New Delhi
Name of publisher, distributor, etc Orient Blackswan
Date of publication, distribution, etc 2010
270 ## - ADDRESS
Address 1/24, Asaf Ali Road
City New Delhi
Postal code 110002
300 ## - PHYSICAL DESCRIPTION
Extent xxv,899p.
Dimensions 22cm (pbk)
650 ## - SUBJECT ADDED ENTRY--TOPICAL TERM
Topical term or geographic name as entry element English - Hindi Dictionary
942 ## - ADDED ENTRY ELEMENTS (KOHA)
Source of classification or shelving scheme Dewey Decimal Classification
Item type English Books
Classification part 483.2
Call number suffix ORI
Holdings
Withdrawn status Lost status Not for loan Collection code Home library Current library Date acquired Source of acquisition Cost, normal purchase price Full call number Barcode Copy number Cost, replacement price Koha item type
    Not For Loan Non-fiction D.B.Act.Division D.B.Act.Division 16/08/2010 DBAD/PUB 295.00 483.2 ORI EN-84157 1 295.00 English Books

© Delhi Public Library
Hit Counter
free hit counter